| 000 | 00676nam a2200217Ia 4500 | ||
|---|---|---|---|
| 003 | IN-BaIIA | ||
| 008 | 211028s9999 xx 000 0 eng d | ||
| 020 | _a9971-978-33-4 | ||
| 040 | _cIIA Library | ||
| 080 |
_a539.128 _bSHU |
||
| 100 |
_aShuryak, E. V. _915578 |
||
| 245 | 4 |
_aThe QCD vacuum, hadrons and the superdense matter _cE. V. Shuryak |
|
| 260 |
_aSingapore _bWorld Scientific _c1988 |
||
| 300 | _axiii, 401p. | ||
| 490 | _aWorld scientific lecture notes in physics; v. 8 | ||
| 650 |
_aHadrons _915579 |
||
| 650 | _aNASA thesaurus | ||
| 650 |
_aQCD _915580 |
||
| 650 |
_aQuantum chromodynamics _915581 |
||
| 942 | _cBK | ||
| 999 |
_c9264 _d9264 |
||